000 00374nam a2200145Ia 4500
008 150201s2012 xx 000 0 und d
082 _a610
_bH2012L
100 _aD.L.LONGO
245 _aHARRISONS PRINCIPLES OF INTERNAL MEDICINE
250 _a18TH
260 _bMc-GRAW-HILL L PUBLISHING
_aBOSTON LONDON
_c2012
300 _a1-1796
650 _aMEDICINE
942 _2ddc
_cBK
999 _c4745
_d4745